[Event "European Blitz 2017"]
[Site "Katowice POL"]
[Date "2017.12.15"]
[Round "8.69"]
[White "Dobrowolski, Piotr"]
[Black "Molenda, Marcin"]
[Result "1-0"]
[WhiteTitle "IM"]
[BlackTitle "FM"]
[WhiteElo "2421"]
[BlackElo "2388"]
[WhiteFideId "1106236"]
[BlackFideId "1173065"]
[EventDate "2017.12.15"]
[EventType "blitz"]

1. e4 c5 2. c3 Nf6 3. e5 Nd5 4. d4 e6 5. Nf3 cxd4 6. cxd4 b6 7. Nc3 Nxc3 8. bxc3
Bb7 9. Bd3 Be7 10. h4 Qc7 11. Bd2 d6 12. exd6 Bxd6 13. Ng5 Nd7 14. Qh5 Nf6 15.
Bb5+ Kf8 16. Qe2 h6 17. Nf3 Ne4 18. O-O g5 19. c4 Nxd2 20. Nxd2 gxh4 21. c5 Rg8
22. Ne4 bxc5 23. dxc5 Bf4 24. c6 Bxc6 25. Qc4 Bd5 26. Qb4+ Kg7 27. Rfe1 Kh8 28.
Bf1 Rab8 29. Qa4 Rb2 30. Rad1 Qb6 31. Re2 Rxe2 32. Bxe2 Bb8 33. Qc2 f5 34. Qc3+
Kh7 35. Nf6+ Kg7 36. Nxd5+ Kh7 37. Nxb6 axb6 38. Rd7+ 1-0

[Event "European Blitz 2017"]
[Site "Katowice POL"]
[Date "2017.12.15"]
[Round "8.70"]
[White "Vykouk, Jan"]
[Black "Maslak, Alexander"]
[Result "1-0"]
[WhiteTitle "FM"]
[WhiteElo "2435"]
[BlackElo "2154"]
[WhiteFideId "349658"]
[BlackFideId "4130871"]
[EventDate "2017.12.15"]
[EventType "blitz"]

1. e4 c5 2. Nf3 Nc6 3. Bb5 g6 4. Bxc6 dxc6 5. O-O Bg7 6. d3 e5 7. h3 Qe7 8. a3
Nf6 9. b4 cxb4 10. axb4 O-O 11. b5 c5 12. c4 Bd7 13. Nc3 a6 14. bxa6 Rxa6 15.
Rb1 Bc6 16. Re1 Nh5 17. Bg5 f6 18. Be3 Qd6 19. Nd5 f5 20. Qc2 f4 21. Bd2 h6 22.
Nh4 Kh7 23. Bc3 Qd8 24. Nf3 Re8 25. Qb2 Qd6 26. Ra1 Rxa1 27. Rxa1 g5 28. Ra5 Kg6
29. Qb6 Bf8 30. Bb2 Nf6 31. Ba3 Nd7 32. Qb2 h5 33. Nd2 g4 34. h4 Be7 35. g3 fxg3
36. fxg3 Rf8 37. Qc2 Qe6 38. Ne3 Bd8 39. Ra8 Nb6 40. Bxc5 Nxa8 41. Bxf8 Bb6 42.
c5 Ba7 43. Ndc4 Nc7 44. Qf2 Nb5 45. Nf5 Nd4 46. Nxd4 exd4 1-0

[Event "European Blitz 2017"]
[Site "Katowice POL"]
[Date "2017.12.15"]
[Round "8.71"]
[White "Gazik, Viktor"]
[Black "Bugalski, Michal"]
[Result "1-0"]
[WhiteTitle "IM"]
[WhiteElo "2479"]
[BlackElo "2263"]
[WhiteFideId "14928752"]
[BlackFideId "1122134"]
[EventDate "2017.12.15"]
[EventType "blitz"]

1. f4 d5 2. Nf3 c5 3. e3 Nc6 4. Bb5 Bd7 5. b3 Nf6 6. O-O g6 7. Bb2 Bg7 8. Qe1
O-O 9. Bxc6 Bxc6 10. Ne5 Qc7 11. d3 Ng4 12. Qg3 Nxe5 13. fxe5 c4 14. Nd2 cxd3
15. cxd3 Bb5 16. Rfc1 Qb6 17. Bd4 Qe6 18. Rc3 Rac8 19. Rac1 Bxd3 20. Nf3 h6 21.
Bxa7 Rxc3 22. Rxc3 Be4 23. Bd4 Ra8 24. a4 Bxf3 25. gxf3 Qf5 26. f4 Qb1+ 27. Kg2
Qe4+ 28. Qf3 Qf5 29. Rc7 b5 30. Qxd5 Qg4+ 31. Kf2 Qh4+ 32. Kf1 Rb8 33. axb5 Qh3+
34. Ke1 Qxh2 35. b6 Qg1+ 36. Ke2 Qh2+ 37. Kd3 Qg1 38. Rxe7 Qb1+ 39. Kc4 Rc8+ 40.
Rc7 Qc2+ 41. Kb5 Rxc7 42. bxc7 Qxc7 43. e6 Qb8+ 44. Ka5 Qc7+ 45. Ka4 fxe6 46.
Qxe6+ Kh7 47. f5 gxf5 48. Qxf5+ Kg8 49. Qd5+ Kh7 50. b4 Bf8 51. Qf5+ Kg8 52.
Qg6+ Bg7 53. Qxg7+ Qxg7 54. Bxg7 Kxg7 55. b5 h5 56. b6 h4 57. b7 h3 58. b8=Q 1-0

[Event "European Blitz 2017"]
[Site "Katowice POL"]
[Date "2017.12.15"]
[Round "8.72"]
[White "Nestorenko, Dmitry"]
[Black "Krzyzanowski, Marcin"]
[Result "1-0"]
[BlackTitle "IM"]
[WhiteElo "2253"]
[BlackElo "2457"]
[WhiteFideId "14129728"]
[BlackFideId "1132199"]
[EventDate "2017.12.15"]
[EventType "blitz"]

1. e4 c5 2. c3 g6 3. d4 cxd4 4. cxd4 Bg7 5. Nc3 d6 6. Be3 Nf6 7. f3 Nc6 8. Bc4
Bd7 9. Nge2 Rc8 10. b3 O-O 11. O-O a6 12. Rc1 b5 13. Bd3 Qa5 14. Bb1 b4 15. Na4
Na7 16. Nb2 Nb5 17. Nc4 Qd8 18. Qd2 d5 19. Ne5 dxe4 20. fxe4 Ng4 21. Nxg4 Bxg4
22. Rxc8 Qxc8 23. Nf4 Qc3 24. Nd5 Qxd2 25. Nxe7+ Kh8 26. Bxd2 Bxd4+ 27. Kh1 Nc3
28. Bh6 Bg7 29. Bxg7+ Kxg7 30. Nc6 Be2 31. Re1 Nxb1 32. Rxb1 Bd3 33. Re1 Rc8 34.
Nxb4 Bxe4 35. h3 Ba8 36. Re2 a5 37. Nd3 Rc3 38. Nf2 Bc6 39. Kh2 h5 40. Nd1 Rc1
41. Nb2 h4 42. Nc4 a4 43. Ne5 Bb5 44. Rf2 f6 45. Nf3 a3 46. Nd4 Bd3 47. Rd2 Be4
48. Nb5 f5 49. Nxa3 g5 50. Nc4 g4 51. hxg4 fxg4 52. Ne3 g3+ 53. Kh3 Re1 54. Nc4
Rh1+ 55. Kg4 Rh2 56. Ne3 Kf6 57. Kf4 Ba8 58. Ng4+ Ke7 59. Re2+ Kd8 60. Ne3 Kc7
61. Rc2+ Kb8 62. a4 Rh1 63. Kg4 Re1 64. Kf4 Rb1 65. Rc5 Ka7 66. Ra5+ Kb8 67.
Rb5+ Kc7 68. Kg4 Rh1 69. Rc5+ Kd6 70. Rc2 Re1 71. Nf5+ Ke5 72. Nxh4 Be4 73. Rd2
Re3 74. Nf3+ Ke6 75. Kf4 Bxf3 76. Kxe3 Bd5 77. b4 Bb7 78. a5 Ba6 79. Rd4 Ke5 80.
Re4+ Kd5 81. Rg4 Bb7 82. Rxg3 Kc6 83. Rg6+ Kc7 84. Rb6 Bxg2 85. Kd4 Bf1 86. Kc5
Bg2 87. Rg6 Kb7 88. Rxg2 Ka6 89. b5+ Ka7 90. Rg7+ Ka8 91. Kb6 Kb8 92. Rg8# 1-0

[Event "European Blitz 2017"]
[Site "Katowice POL"]
[Date "2017.12.15"]
[Round "8.74"]
[White "Horton, Andrew P"]
[Black "Choina, Michal"]
[Result "1-0"]
[WhiteTitle "FM"]
[WhiteElo "2397"]
[BlackElo "1906"]
[WhiteFideId "424269"]
[BlackFideId "1166565"]
[EventDate "2017.12.15"]
[EventType "blitz"]

1. Nf3 c5 2. c4 g6 3. g3 Bg7 4. Bg2 Nc6 5. Nc3 e6 6. d4 cxd4 7. Nb5 d5 8. cxd5
Qa5+ 9. Bd2 Qxb5 10. dxc6 bxc6 11. O-O Ne7 12. a4 Qb6 13. a5 Qb5 14. Bg5 f6 15.
Nxd4 Qxg5 16. Nxc6 Bb7 17. Qd6 Bxc6 18. Bxc6+ Kf7 19. Bxa8 Rxa8 20. Rac1 Qd5 21.
Qa6 Rb8 22. Qxa7 Rxb2 23. Rc7 Bf8 24. e3 Ra2 25. Rc5 Qf3 26. Qd7 Qe4 27. Rb5 Kg8
28. Rb8 g5 29. Qxe7 1-0

[Event "European Blitz 2017"]
[Site "Katowice POL"]
[Date "2017.12.15"]
[Round "8.75"]
[White "Golenia, Wojciech"]
[Black "Batsiashvili, Nino"]
[Result "0-1"]
[BlackTitle "IM"]
[WhiteElo "1984"]
[BlackElo "2502"]
[WhiteFideId "1175300"]
[BlackFideId "13602993"]
[EventDate "2017.12.15"]
[EventType "blitz"]

1. c4 e6 2. Nc3 d5 3. cxd5 exd5 4. Nf3 Nf6 5. g3 c6 6. Bg2 Be7 7. O-O O-O 8. d3
Bg4 9. a3 Nbd7 10. Rb1 a5 11. Bf4 Nc5 12. Ne5 Bh5 13. b4 axb4 14. axb4 Ne6 15.
Bd2 d4 16. Ne4 Nd5 17. b5 c5 18. Qb3 Nb6 19. Rfc1 Bxe2 20. Re1 Bh5 21. Bh3 Nc7
22. Rec1 Bd6 23. Bg5 Be7 24. Bxe7 Qxe7 25. Rxc5 Na4 26. Rc4 Qxe5 27. Rxa4 Rxa4
28. Qxa4 Bf3 29. Bg2 Bxg2 30. Kxg2 Nd5 31. Qc4 h5 32. Re1 Rd8 33. Ra1 h4 34. Ra7
Qf5 35. h3 hxg3 36. Nxg3 Nf4+ 37. Kg1 Qxh3 0-1

[Event "European Blitz 2017"]
[Site "Katowice POL"]
[Date "2017.12.15"]
[Round "8.76"]
[White "Kucharska, Honorata"]
[Black "Jahncke, Giso"]
[Result "1-0"]
[WhiteTitle "WFM"]
[BlackTitle "FM"]
[WhiteElo "1970"]
[BlackElo "2403"]
[WhiteFideId "1163868"]
[BlackFideId "24608289"]
[EventDate "2017.12.15"]
[EventType "blitz"]

1. e4 d5 2. exd5 Nf6 3. d4 Bg4 4. Be2 Bxe2 5. Nxe2 Qxd5 6. O-O e6 7. Nbc3 Qd8 8.
Bg5 Be7 9. Ng3 O-O 10. Nce2 Nbd7 11. c3 c5 12. Qd2 cxd4 13. Nxd4 Nc5 14. Qe2 Re8
15. Rad1 Qb6 16. Be3 Nd5 17. Bc1 Qa6 18. c4 Nb6 19. b3 Rad8 20. Nb5 Na8 21. Be3
b6 22. b4 Na4 23. a3 Bf6 24. Ne4 Be5 25. f4 Bb8 26. Qc2 Nc7 27. Nbd6 Rf8 28. b5
Nxb5 29. cxb5 Qa5 30. Bd2 Nc3 31. Bxc3 Qxa3 32. Ra1 Bxd6 33. Rxa3 Bxa3 34. Rd1
Rc8 35. Qb3 Be7 36. Bb4 Rfd8 37. Rxd8+ Bxd8 38. Nd6 Rc1+ 39. Kf2 Bf6 40. Qd3 h5
41. Ne4 Ba1 42. Ng5 g6 43. Qd8+ Kg7 44. Qf8+ 1-0

[Event "European Blitz 2017"]
[Site "Katowice POL"]
[Date "2017.12.15"]
[Round "8.77"]
[White "Pena Gomez, Manuel"]
[Black "Mis, Mieszko"]
[Result "1-0"]
[WhiteTitle "IM"]
[WhiteElo "2491"]
[BlackElo "2240"]
[WhiteFideId "2252813"]
[BlackFideId "1196448"]
[EventDate "2017.12.15"]
[EventType "blitz"]

1. g3 d5 2. Bg2 Nf6 3. Nf3 c6 4. O-O Bg4 5. b3 Nbd7 6. Bb2 e6 7. h3 Bh5 8. c4
Bd6 9. Qc2 O-O 10. d3 e5 11. Nh4 Rc8 12. Nd2 Bg6 13. Nxg6 hxg6 14. Rac1 d4 15.
a3 a5 16. Nf3 Qe7 17. Ra1 Rfe8 18. Rfe1 Rcd8 19. e3 dxe3 20. Rxe3 Qf8 21. Re2
Re7 22. Bc3 Bc7 23. b4 Rde8 24. Nd2 Ra8 25. Rb1 axb4 26. Bxb4 c5 27. Bc3 Rxa3
28. Rxb7 Qc8 29. Qb2 Ra6 30. Re1 Nb6 31. Ne4 Nxe4 32. Bxe4 Na4 33. Qc2 Nxc3 34.
Qxc3 Ba5 35. Qb2 Rxb7 36. Bxb7 Qb8 37. Qb5 Ra7 38. Rb1 Bb4 39. Bd5 Qd6 40. Qe8+
Kh7 41. Bxf7 Kh6 42. Qh8+ Kg5 43. Qh4+ Kf5 44. g4+ Kf4 45. g5+ 1-0

[Event "European Blitz 2017"]
[Site "Katowice POL"]
[Date "2017.12.15"]
[Round "8.78"]
[White "Pultinevicius, Paulius"]
[Black "Pein, Jonathan"]
[Result "1-0"]
[WhiteTitle "IM"]
[WhiteElo "2371"]
[BlackElo "2165"]
[WhiteFideId "12809390"]
[BlackFideId "417092"]
[EventDate "2017.12.15"]
[EventType "blitz"]

1. Nf3 Nf6 2. b3 d5 3. Bb2 g6 4. g3 Bg7 5. Bg2 O-O 6. O-O c6 7. d3 Re8 8. Nbd2
Nbd7 9. Re1 a5 10. a3 e5 11. e4 dxe4 12. dxe4 Qc7 13. Nc4 b5 14. Nd6 Re6 15.
Nxc8 Rxc8 16. Qe2 Ree8 17. Rad1 Nc5 18. Nd2 Rcd8 19. Qe3 Ne6 20. Nf3 Nd7 21. Rd2
Nb6 22. Red1 Nd7 23. h4 h6 24. Bh3 Ndc5 25. Rxd8 Rxd8 26. Rxd8+ Qxd8 27. Bxe6
Nxe6 28. Kg2 Qd6 29. Qc3 b4 30. axb4 axb4 31. Qc4 Nd4 32. Bxd4 exd4 33. Ne1 Qe5
34. Qxc6 Kh7 35. Nd3 Qe7 36. Qd5 h5 37. e5 Qc7 38. Nxb4 Bxe5 39. Nc6 Bg7 40.
Nxd4 Bxd4 41. Qxd4 Qxc2 42. Qc4 Qf5 43. b4 g5 44. hxg5 Qxg5 45. Qxf7+ 1-0

[Event "European Blitz 2017"]
[Site "Katowice POL"]
[Date "2017.12.15"]
[Round "8.79"]
[White "Maier, Christian"]
[Black "Korolchuk, Nikolav"]
[Result "1/2-1/2"]
[WhiteTitle "IM"]
[WhiteElo "2393"]
[BlackElo "2226"]
[WhiteFideId "4601955"]
[BlackFideId "13500961"]
[EventDate "2017.12.15"]
[EventType "blitz"]

1. e4 d5 2. exd5 Qxd5 3. Nc3 Qa5 4. Bc4 Nf6 5. Qe2 Bg4 6. Nf3 Nc6 7. Bb5 O-O-O
8. Bxc6 bxc6 9. d3 Qh5 10. Be3 Bxf3 11. gxf3 Kb8 12. O-O-O e6 13. Kb1 Qa5 14.
Ne4 Nd5 15. Bd2 Qa6 16. Ng5 Rd7 17. c4 Nf6 18. Bc3 h6 19. Ne4 Be7 20. Rhg1 Nxe4
21. fxe4 f6 22. Rxg7 Rhd8 23. Rxe7 Rxe7 24. Bxf6 Red7 25. Bxd8 Rxd8 26. f4 c5
27. f5 exf5 28. exf5 Qf6 29. Qe6 Rf8 30. Qxf6 Rxf6 31. Rf1 Kc8 32. Kc2 Kd7 33.
Kc3 Kd6 34. d4 cxd4+ 35. Kxd4 c5+ 36. Ke4 Ke7 37. Rf2 Rd6 38. b3 Kf6 39. Ke3 Rd1
40. Rd2 Re1+ 41. Kf2 Ra1 42. Kg3 Kxf5 43. Rd5+ Ke4 44. Rxc5 Rxa2 45. Rb5 Rb2 46.
h3 Rc2 47. Kg4 Rc3 48. h4 Rc1 49. Kh5 Rh1 50. Rb7 a5 51. Rb5 a4 52. bxa4 Kd4 53.
c5 Kd5 54. Rb4 Kxc5 55. Rg4 Kd5 56. Kxh6 Ke5 57. h5 Kf5 58. Rb4 Rc1 59. Rb5+ Kf6
60. a5 Rc8 61. Rb6+ Kf5 62. a6 Rc7 63. Rb7 Rc6+ 64. Kh7 Rxa6 65. h6 Kg5 66. Rg7+
Kh5 1/2-1/2

[Event "European Blitz 2017"]
[Site "Katowice POL"]
[Date "2017.12.15"]
[Round "8.80"]
[White "Kourousis, Epaminondas"]
[Black "Psyk, Radoslaw"]
[Result "1-0"]
[WhiteTitle "IM"]
[WhiteElo "2393"]
[BlackElo "2222"]
[WhiteFideId "4211626"]
[BlackFideId "1182838"]
[EventDate "2017.12.15"]
[EventType "blitz"]

1. d4 d5 2. c4 e6 3. Nf3 Nf6 4. g3 dxc4 5. Qa4+ Nc6 6. Qxc4 Qd5 7. Nbd2 Nb4 8.
Rb1 Qf5 9. h3 Ne4 10. a3 Nxd2 11. Nxd2 Nc6 12. Bg2 Bd7 13. O-O Be7 14. e4 Qg6
15. b4 b5 16. Qc3 Rc8 17. e5 Nd8 18. Ne4 O-O 19. Be3 Bc6 20. Nf6+ gxf6 21. Bxc6
Nxc6 22. Qxc6 fxe5 23. dxe5 Bg5 24. Bxg5 Qxg5 25. Qxb5 a6 26. Qe2 c5 27. b5 axb5
28. Rxb5 c4 29. Qe3 Qxe3 30. fxe3 c3 31. Rc1 Rc6 32. Kf2 Rfc8 33. Rc2 Rc5 34.
Rxc5 Rxc5 35. Ke2 Rxe5 36. Rxc3 Kg7 37. a4 Rg5 38. Kf3 Rf5+ 39. Kg2 Rd5 40. Ra3
Ra5 41. Kf3 Kf6 42. Ke4 e5 43. h4 h5 44. Kd3 Kf5 45. Kc4 Kg4 46. Kb4 Ra8 47. e4
Rb8+ 48. Kc5 f5 49. exf5 Kxf5 50. a5 e4 51. a6 Kg4 52. a7 Rc8+ 53. Kb6 Rf8 54.
Kc5 Ra8 55. Kd4 Kf5 56. Ra5+ Kg4 57. Ra3 Kf5 58. Ke3 Ke5 59. Ra5+ Kf6 60. Kxe4
Ke6 61. Kf4 Rf8+ 62. Kg5 Rg8+ 63. Kxh5 Ra8 64. Kg4 Kf6 65. Kf4 Ke6 66. g4 Kf6
67. Ra6+ Kg7 68. g5 Kf7 69. g6+ Kg7 70. Kg5 Kh8 71. h5 Kg7 72. h6+ Kh8 73. Rb6 1-0

[Event "European Blitz 2017"]
[Site "Katowice POL"]
[Date "2017.12.15"]
[Round "8.81"]
[White "Rocha, Sergio"]
[Black "Smolin, Sergey1"]
[Result "1-0"]
[WhiteTitle "IM"]
[BlackTitle "IM"]
[WhiteElo "2370"]
[BlackElo "2153"]
[WhiteFideId "1900404"]
[BlackFideId "4131177"]
[EventDate "2017.12.15"]
[EventType "blitz"]

1. Nf3 g6 2. d4 Bg7 3. c4 c5 4. d5 b5 5. cxb5 a6 6. bxa6 Bxa6 7. g3 d6 8. Bg2
Nd7 9. O-O Ngf6 10. Re1 O-O 11. e4 Ng4 12. Nc3 Qa5 13. Bg5 Rfe8 14. Qd2 Nge5 15.
Nxe5 Nxe5 16. Reb1 Nc4 17. Qc1 Nxb2 18. Bd2 Nc4 19. Be1 Qa3 20. Rb3 Qxc1 21.
Rxc1 Reb8 22. h4 Ne5 23. Rxb8+ Rxb8 24. Rb1 Rxb1 25. Nxb1 Nd3 26. Bd2 Bd4 27.
Be3 Bxe3 28. fxe3 Kf8 29. Bf1 Nb4 30. Nc3 Bxf1 31. Kxf1 Ke8 32. Ke2 f6 33. Kd2
Kd7 34. a3 Na6 35. Kd3 Kc7 36. Na4 Nb8 37. Kc4 Nd7 38. Kb5 Kb7 39. Nb2 Ne5 40.
a4 Ng4 41. Nc4 Nf2 42. a5 Nxe4 43. a6+ Ka7 44. Nb6 Nc3+ 45. Ka5 c4 46. Nc8+ Kb8
47. Nxe7 Nd1 48. Kb6 c3 49. Nc6+ Ka8 50. Nd4 Nxe3 51. Kc6 Ka7 52. Nb5+ Kxa6 53.
Nxc3 Nf5 54. g4 Nxh4 55. Kxd6 Kb7 56. Ke7 Nf3 57. d6 Ne5 58. Nd5 f5 59. g5 Nc6+
60. Kf6 Ne5 61. Kxe5 Kc6 62. Ke6 1-0

[Event "European Blitz 2017"]
[Site "Katowice POL"]
[Date "2017.12.15"]
[Round "8.82"]
[White "Dragnev, Valentin"]
[Black "Chojnacki, Slawomir"]
[Result "0-1"]
[WhiteTitle "IM"]
[WhiteElo "2458"]
[BlackElo "2237"]
[WhiteFideId "1634852"]
[BlackFideId "1117076"]
[EventDate "2017.12.15"]
[EventType "blitz"]

1. e4 c6 2. d4 d5 3. exd5 cxd5 4. Bd3 Nc6 5. c3 Nf6 6. Bf4 g6 7. Nd2 Bf5 8. Bxf5
gxf5 9. Ne2 e6 10. Nf3 Bd6 11. Qd3 Qc7 12. Bxd6 Qxd6 13. O-O-O Ne4 14. Qe3 O-O-O
15. Ne5 Nxe5 16. dxe5 Qc5 17. Rd4 Qb6 18. Rhd1 Rhg8 19. f3 Nc5 20. Rb4 Nb3+ 21.
axb3 Qxe3+ 22. Rd2 Rxg2 23. Kd1 Rdg8 24. Rbd4 Rxe2 0-1

[Event "European Blitz 2017"]
[Site "Katowice POL"]
[Date "2017.12.15"]
[Round "8.83"]
[White "Mareckova, Martina"]
[Black "Hansen, Mads Smith"]
[Result "0-1"]
[WhiteTitle "WFM"]
[WhiteElo "2132"]
[BlackElo "2347"]
[WhiteFideId "327930"]
[BlackFideId "1400258"]
[EventDate "2017.12.15"]
[EventType "blitz"]

1. e4 c6 2. d3 d5 3. Nd2 Qc7 4. g3 Nf6 5. Bg2 Bg4 6. f3 Bh5 7. Ne2 e5 8. h4 h6
9. g4 Bg6 10. Ng3 Nbd7 11. Qe2 Bd6 12. Nb3 O-O-O 13. Be3 Kb8 14. O-O-O Rhe8 15.
Kb1 h5 16. g5 Ng8 17. Bh3 Ne7 18. Rhf1 Ka8 19. Qf2 Nb6 20. Qe2 c5 21. c4 dxc4
22. dxc4 Nc6 23. Nxc5 Nd4 24. Bxd4 exd4 25. Nd3 Bxg3 26. f4 Rxe4 27. Qg2 Bxf4
28. Nxf4 Rxf4+ 29. Ka1 Rxf1 30. Rxf1 Qxc4 0-1

[Event "European Blitz 2017"]
[Site "Katowice POL"]
[Date "2017.12.15"]
[Round "8.84"]
[White "Mitkov, Marjan"]
[Black "Przybylski, Bartosz"]
[Result "1-0"]
[WhiteTitle "IM"]
[WhiteElo "2333"]
[BlackElo "2085"]
[WhiteFideId "15000354"]
[BlackFideId "1126652"]
[EventDate "2017.12.15"]
[EventType "blitz"]

1. d4 Nf6 2. Nf3 c5 3. d5 d6 4. Nc3 e5 5. e4 Be7 6. a4 O-O 7. h3 h6 8. g4 Nh7 9.
Bd3 a6 10. a5 Ng5 11. Be3 Nxf3+ 12. Qxf3 Bg5 13. Ne2 Qf6 14. Qxf6 Bxf6 15. f3
Bh4+ 16. Kd2 Nd7 17. Rhg1 f6 18. Ng3 Bxg3 19. Rxg3 Re8 20. h4 g5 21. hxg5 hxg5
22. Rh1 Nf8 23. Rh6 Kg7 24. Rgh3 Bd7 25. c3 Bb5 26. b4 Bxd3 27. Kxd3 cxb4 28.
cxb4 Rac8 29. R3h5 Red8 30. Rh2 Rc7 31. R6h5 Rdc8 32. Bd2 Kf7 33. Rh1 Rc2 34.
R5h2 R2c4 35. Rb1 Rd4+ 36. Ke3 Rc2 37. Rb3 Rdc4 38. Kd3 Rc7 39. Rc3 R2xc3+ 40.
Bxc3 Ke7 41. Bd2 Kd7 42. Be3 Rc8 43. Rb2 Kd8 44. b5 Nd7 45. bxa6 bxa6 46. Rb7
Ra8 47. Bb6+ Ke8 48. Rc7 Ke7 49. Rc6 Nb8 50. Rc7+ Nd7 51. Kc4 Ke8 52. Kb4 Ke7
53. Rb7 Ke8 54. Bc7 Ke7 55. Rb6 Ke8 56. Bxd6 Nxb6 57. axb6 Rd8 58. b7 1-0

[Event "European Blitz 2017"]
[Site "Katowice POL"]
[Date "2017.12.15"]
[Round "8.85"]
[White "Kukula, Pawel"]
[Black "Schulz, Karsten"]
[Result "0-1"]
[BlackTitle "FM"]
[WhiteElo "2181"]
[BlackElo "2293"]
[WhiteFideId "1115081"]
[BlackFideId "4611446"]
[EventDate "2017.12.15"]
[EventType "blitz"]

1. d4 d6 2. e4 Nf6 3. Nc3 e5 4. Nge2 exd4 5. Nxd4 Be7 6. Bf4 O-O 7. Qd2 Nc6 8.
Nf3 a6 9. O-O-O Be6 10. Kb1 b5 11. Bd3 Na5 12. Nd5 Nc4 13. Bxc4 bxc4 14. Nxe7+
Qxe7 15. Rhe1 Nd7 16. e5 d5 17. Nd4 c5 18. Nf3 Nb6 19. Qa5 Rab8 20. Bg5 Qc7 21.
Re3 Qc6 22. Ra3 Ra8 23. h3 Rfb8 24. Qd2 d4 25. Qf4 Nd5 26. Qd2 c3 27. Qd3 Rxb2+
28. Ka1 Nb4 0-1

[Event "European Blitz 2017"]
[Site "Katowice POL"]
[Date "2017.12.15"]
[Round "8.86"]
[White "Wilk, Krzysztof"]
[Black "Dudzinski, Pawel"]
[Result "0-1"]
[BlackTitle "FM"]
[WhiteElo "2125"]
[BlackElo "2241"]
[WhiteFideId "1116193"]
[BlackFideId "1117890"]
[EventDate "2017.12.15"]
[EventType "swiss"]

1. a3 e5 2. b4 d5 3. Bb2 Bd6 4. e3 Nf6 5. d4 Nbd7 6. c4 c6 7. Nf3 e4 8. Nfd2 O-O
9. Nc3 Bb8 10. Qb3 Nb6 11. cxd5 cxd5 12. a4 a5 13. bxa5 Rxa5 14. Ba3 Bd6 15. Bb5
Bxa3 16. Rxa3 Qd6 17. h3 Be6 18. O-O Rfa8 19. Rc1 h6 20. Ra2 R5a7 21. Rca1 Nc8
22. Ndb1 Ne7 23. Na3 Qb6 24. Nc2 Nc6 25. Qa3 Na5 26. Rb1 Qd8 27. Na1 Rc8 28. Rc2
Raa8 29. Nb3 Nxb3 30. Qxb3 Rc7 31. Rbc1 Rac8 32. Na2 Rxc2 33. Rxc2 Rxc2 34. Qxc2
Qa5 35. Qc3 Qxc3 36. Nxc3 Kf8 37. Kf1 Ke7 38. Ke2 Kd6 39. Kd2 g5 40. Ne2 h5 41.
Ng3 h4 42. Ne2 Nh5 43. Be8 Ke7 44. Bb5 g4 45. hxg4 Bxg4 46. Nf4 Nxf4 47. exf4
Bd7 48. Ke2 Bxb5+ 49. axb5 Kd6 50. g4 hxg3 51. fxg3 f5 52. Kf2 Kc7 53. g4 0-1

[Event "European Blitz 2017"]
[Site "Katowice POL"]
[Date "2017.12.15"]
[Round "8.87"]
[White "Zimina, Olga"]
[Black "Olszynski, Kazimierz"]
[Result "0-1"]
[WhiteTitle "IM"]
[WhiteElo "2415"]
[BlackElo "2151"]
[WhiteFideId "4132190"]
[BlackFideId "1112376"]
[EventDate "2017.12.15"]
[EventType "blitz"]

1. Nf3 g6 2. c4 Bg7 3. Nc3 d6 4. d4 h6 5. e4 e6 6. Be3 Ne7 7. Qd2 a6 8. h4 Nd7
9. Bd3 b6 10. a4 Nc6 11. d5 exd5 12. exd5 Nce5 13. Be2 Nc5 14. Nd4 Bd7 15. a5
bxa5 16. Rxa5 Qe7 17. h5 g5 18. O-O Rb8 19. Re1 O-O 20. Nc6 Bxc6 21. dxc6 Nb3
22. Nd5 Qd8 23. Qc3 Nxa5 24. Qxa5 Rxb2 25. Qxa6 Qb8 26. Qa5 Nxc6 27. Qxc7 Qxc7
28. Nxc7 Ne7 29. Nb5 d5 30. c5 Nc6 31. Bf3 Rxb5 32. Bxd5 Rc8 33. f4 Bd4 34. Bxd4
Nxd4 35. fxg5 hxg5 36. Re7 Rbxc5 37. Bxf7+ Kf8 38. Ra7 R5c7 39. Rxc7 Rxc7 0-1

[Event "European Blitz 2017"]
[Site "Katowice POL"]
[Date "2017.12.15"]
[Round "8.88"]
[White "Pappelis, Dimitrios"]
[Black "Fedorov, Evgueny"]
[Result "0-1"]
[WhiteElo "2114"]
[BlackElo "2241"]
[WhiteFideId "4215281"]
[BlackFideId "4188004"]
[EventDate "2017.12.15"]
[EventType "blitz"]

1. d4 Nf6 2. Nf3 e6 3. Bg5 Be7 4. Nbd2 d5 5. e3 c5 6. c3 h6 7. Bh4 Nc6 8. Bd3
O-O 9. O-O Qc7 10. Qe2 Re8 11. Rfe1 b6 12. Rad1 cxd4 13. exd4 a6 14. Bb1 Nh7 15.
Bg3 Bd6 16. Qd3 g6 17. Bxd6 Qxd6 18. h4 h5 19. Nf1 Qf8 20. Ng3 Qg7 21. Ne5 Nxe5
22. Rxe5 Bd7 23. Nxh5 gxh5 24. Rxh5 Qg6 25. Rxh7 Kxh7 26. Qf3 f5 27. g4 Rg8 28.
Kh2 Qxg4 0-1

[Event "European Blitz 2017"]
[Site "Katowice POL"]
[Date "2017.12.15"]
[Round "8.89"]
[White "Kutynec, Vladimir"]
[Black "Krainski, Aleksander"]
[Result "1-0"]
[WhiteTitle "IM"]
[BlackTitle "FM"]
[WhiteElo "2270"]
[BlackElo "2203"]
[WhiteFideId "4119843"]
[BlackFideId "1102400"]
[EventDate "2017.12.15"]
[EventType "blitz"]

1. Nf3 d5 2. d4 Nf6 3. c4 e6 4. g3 Be7 5. Bg2 O-O 6. O-O c6 7. Qd3 b6 8. Nc3 Ba6
9. b3 Nbd7 10. Rd1 Rc8 11. e4 Qc7 12. Bf4 Qb7 13. Rac1 c5 14. exd5 exd5 15. Nb5
dxc4 16. bxc4 Bxb5 17. cxb5 Qe4 18. Qxe4 Nxe4 19. Ne5 Ndf6 20. Nc6 Rfe8 21. Re1
Bd6 22. Bxd6 Nxd6 23. Ne7+ Kf8 24. Nxc8 Rxc8 25. dxc5 bxc5 26. Bc6 c4 27. a4 a6
28. Rcd1 Nf5 29. bxa6 1-0

[Event "European Blitz 2017"]
[Site "Katowice POL"]
[Date "2017.12.15"]
[Round "8.90"]
[White "Bossy, Arnim"]
[Black "Reza, Wojciech"]
[Result "1/2-1/2"]
[WhiteElo "2181"]
[BlackElo "2283"]
[WhiteFideId "4669100"]
[BlackFideId "1151967"]
[EventDate "2017.12.15"]
[EventType "blitz"]

1. d4 Nf6 2. Bg5 e6 3. Nd2 d5 4. e3 Nbd7 5. Bd3 h6 6. Bh4 c5 7. c3 b6 8. f4 Bb7
9. Qf3 Be7 10. Nh3 Ne4 11. Bxe7 Nxd2 12. Kxd2 Qxe7 13. Nf2 Rc8 14. Ng4 f5 15.
Ne5 Nxe5 16. fxe5 Qg5 17. Rag1 h5 18. g3 Ke7 19. h3 a6 20. Qf4 Qh6 21. Rh2 g5
22. Qf2 Rc7 23. h4 g4 24. Qf4 Bc6 25. Ra1 Bb5 26. a4 Bxd3 27. Kxd3 cxd4 28. Qxh6
Rxh6 29. cxd4 Rh8 30. Rc2 Rhc8 31. Rac1 Rxc2 1/2-1/2